Lista Światowego Dziedzictwa UNESCO w Polsce - Statystyki

Ogólne statystyki
  • Ten quiz został rozwiązany 1 334 razy
    1 274 od ostatniego zresetowania
  • Średni wynik to 10 z 16
Statystyki odpowiedzi
Lp. Rok wpisania na listę Obiekt % Poprawnych
1. 1978 Stare Miasto w Krakowie
89%
5. 1980 Stare Miasto w Warszawie
88%
2. 1978 Kopalnie Soli w Wieliczce i Bochni
78%
6. 1992 Stare Miasto w Zamościu
76%
13. 2006 Hala Stulecia we Wrocławiu
73%
8. 1997 Zamek w Malborku
72%
3. 1979 Auschwitz-Birkenau
70%
7. 1997 Średniowieczny zespół miejski Torunia
69%
10. 2001 Kościoły Pokoju w Jaworze i Świdnicy
54%
12. 2004 Park Mużakowski
53%
11. 2003 Drewniane kościoły południowej Małopolski
49%
9. 1999 Sanktuarium w Kalwarii Zebrzydowskiej
45%
14. 2013 Drewniane cerkwie regionu karpackiego
43%
4. 1979 Białowieski Park Narodowy
39%
15. 2017 Kopalnia ołowiu, srebra i cynku w Tarnowskich Górach
34%
16. 2019 Krzemionki Opatowskie
33%
Nie znaleziono quizów pasujących do podanych kryteriów
Rozkład punktacji
Procent ludzi z każdym wynikiem
Percentyl według liczby udzielonych odpowiedzi
Twoja historia wyników
Nie rozwiązałeś tego quizu od ostatniego zresetowania